00471nam a2200181 a 4500001001300000003000900013005001700022008004100039020001000080082001300090100002100103245004300124260004500167300000900212500003500221505001000256650002300266nice12345678IN_TiNIC20260116013024.0050524s1930 lona grp 000 0 eng  ac10000a823bDIC aDickens, Charles aFrom David Copperfield to David Blaize aLondonbUniversity of London Pressc1930 a160p aincludes index and biblioraphy2 aIndex aEnglish-Literature